ბათუმის შოთა რუსთაველის სახელმწიფო უნივერსიტეტის ბიბლიოთეკა

პიროვნების თვისებები და ენა / (ბიბ.ჩანაწერი № 37878)

000 -ლიდერი
ფიქსირებული სიგრძის საკონტროლო ველი 01010nam a2200217Ia 4500
001 - საკონტროლო ნომერი
საკონტროლო ველი 3856
003 - საკონტროლო ნომრის იდენტიფიკატორი
საკონტროლო ველი GE_BSU
005 - ბოლო ოპერაციის თარიღი და დრო
საკონტროლო ველი 20190813164624.0
008 - ფიქსირებული სიგრძის მონაცემთა ელემენტები - ზოგადი ინფორმაცია
ფიქსირებული სიგრძის საკონტროლო ველი 181216s1976||||ge |||||||||||||| ||geo||
040 ## - კატალოგიზაციის წყარო
Transcribing agency GE_BSU
041 ## - ენის კოდი
Language code of text/sound track or separate title geo
080 ## - უნივერსალური ათობითი კლასიფიკაციის ინდექსი
Universal Decimal Classification number 159.923 ბ–56
100 ## - მთავარი ჩანაწერი - პიროვნების სახელი
Personal name ბერულავა, ნადეჟდა
9 (RLIN) 3558
245 ## - ცნობა სათაურის შესახებ
Title პიროვნების თვისებები და ენა /
Statement of responsibility, etc რედ. ა. ფრანგიშვილი
264 ## - წარმოების, გამოცემის, დისტრიბუციის და სხვა ცნობები
გამოცემის, წარმოების, დისტრიბუციის... ადგილი თბილისი
გამოცემის, წარმოების, დისტრიბუციის... სახელწოდება განათლება,
გამოცემის, წარმოების, დისტრიბუციის... თარიღი 1976.
300 ## - ფიზიკური აღწერა
Extent 198 გვ. ;
Other physical details 22 სმ.
500 ## - ზოგადი შენიშვნა
General note პიროვნების თვისება და თავისებურებათა აღმნიშვნელი სიტყვების კლასიფიკაცია: გვ. 94-198.
653 ## - INDEX TERM--UNCONTROLLED
Uncontrolled term პიროვნების ფსიქოლოგია;
700 ## - ADDED ENTRY--PERSONAL NAME
Personal name ფრანგიშვილი, ა.
Relator term რედაქტორი
9 (RLIN) 79
942 ## - ADDED ENTRY ELEMENTS (KOHA)
Koha item type წიგნი
Source of classification or shelving scheme
ეგზემპლარები
ჩამოწერის სტატუსი დაკარგული ეგზემპლარის სტატუსი კლასიფიკაციის წყარო ან თაროზე გაწყობის სქემა დაზიანების სტატუსი არ გაიცემა მუდმივი მდებარეობა (დაცვის ადგილი) ამჟამინდელი ადგილსამყოფელი თაროზე განთავსების ადგილი შეძენის თარიღი ღირებულება, შესყიდვის ნორმალური ფასი სრული შენახვის შიფრი შტრიხკოდი ბოლო ოპერაციის თარიღი ეგზემპლარის მიმდევრობითი ნომერი (კეტერი?) ფასის ძალაში შესვლის თარიღი ეგზემპლარის სახეობა საჯარო შენიშვნა
          ბათუმის შოთა რუსთაველის სახელმწიფო უნივერსიტეტის მთავარი ბიბლიოთეკა ბათუმის შოთა რუსთაველის სახელმწიფო უნივერსიტეტის მთავარი ბიბლიოთეკა წიგნსაცავი 2018-12-17 1.20 159.923 ბ–56 5401 2018-12-17 5401 2018-12-17 წიგნი 1ლ.20თ.